| 000 | 00431nam a2200169Ia 4500 | ||
|---|---|---|---|
| 003 | LK-CoDNM | ||
| 008 | 010623t1979 xxu||||| |||| 00| 1 sin d | ||
| 040 |
_aLK-CoDNM _dLK-CoDNM _eLK-CoDNM |
||
| 041 | _asin | ||
| 080 | _ax930.26MED | ||
| 100 | _aMedananda himi,Ellawala | ||
| 245 | _aබුද්ධංගල තපොවනය | ||
| 246 | _aBuddangala Thapowanaya | ||
| 260 |
_b _c1979 |
||
| 300 | _b24p, 21 cm | ||
| 942 | _cBK | ||
| 999 |
_c111012 _d111012 |
||